| 000 | 00869nam a2200289 a 4500 | ||
|---|---|---|---|
| 001 | 200442835 | ||
| 003 | TR-AnTOB | ||
| 005 | 20260106090238.0 | ||
| 007 | t | ||
| 008 | 210714s2004$$$$tu#a###$r31801###$$$$#318318tur u | ||
| 020 | _a9757226378 | ||
| 040 |
_aTR-AnTOB _beng _erda _cTR-AnTOB |
||
| 041 | 0 | _atur | |
| 060 | 1 | 4 |
_aWD 300 _b.A454 2004 |
| 096 |
_aWD300 _b.A454 2004 |
||
| 245 | 0 | 0 |
_aAlerjik hastalıklar / _ceditor Prof. Dr. Zeynep Mısırlıgil. |
| 264 | 1 |
_aAnkara : _bAnkara Üniversitesi Tıp Fakültesi, _c2004. |
|
| 300 |
_a523 pages : _btables ; _c24 cm |
||
| 336 |
_2rdacontent _atext _btxt |
||
| 337 |
_2rdamedia _aunmediated _bn |
||
| 338 |
_2rdacarrier _avolume _bnc |
||
| 500 | _aKaynakça ve dizin var. | ||
| 650 | 2 |
_aHypersensitivity _9146865 |
|
| 700 | 1 |
_aMısırlıgil, Zeynep _eeditor _9138767 |
|
| 942 |
_2NLM _cBK |
||
| 999 |
_c200442835 _d61047 |
||